BIBLIOTECA

SENCICO

Cálculo estructural : ingeniería civil y arquitectura (Registro nro. 986)

Detalles MARC
000 -LEADER
fixed length control field 00664nam a2200265Ia 4500
005 - DATE AND TIME OF LATEST TRANSACTION
control field 20251020182455.0
008 - FIXED-LENGTH DATA ELEMENTS--GENERAL INFORMATION
fixed length control field 200515s9999 xx 000 0 und d
020 ## - INTERNATIONAL STANDARD BOOK NUMBER
International Standard Book Number 978-968-24-7984-7
082 ## - DEWEY DECIMAL CLASSIFICATION NUMBER
Classification number 624.015.2/Ch53
100 ## - MAIN ENTRY--PERSONAL NAME
Personal name Chiñas de la Torre, Miguel
245 #0 - TITLE STATEMENT
Title Cálculo estructural : ingeniería civil y arquitectura
250 ## - EDITION STATEMENT
Edition statement 2a ed.
260 ## - PUBLICATION, DISTRIBUTION, ETC.
Place of publication, distribution, etc. México, D.F.
260 ## - PUBLICATION, DISTRIBUTION, ETC.
Name of publisher, distributor, etc. Trillas
260 ## - PUBLICATION, DISTRIBUTION, ETC.
Date of publication, distribution, etc. 2007
300 ## - PHYSICAL DESCRIPTION
Extent 293 p.
300 ## - PHYSICAL DESCRIPTION
Other physical details tbl., graf.
500 ## - GENERAL NOTE
General note 1 ejemplar
650 ## - SUBJECT ADDED ENTRY--TOPICAL TERM
Topical term or geographic name entry element ARQUITECTURA
650 ## - SUBJECT ADDED ENTRY--TOPICAL TERM
Topical term or geographic name entry element ESTRUCTURAS
650 ## - SUBJECT ADDED ENTRY--TOPICAL TERM
Topical term or geographic name entry element INGENIERIA CIVIL
650 ## - SUBJECT ADDED ENTRY--TOPICAL TERM
Topical term or geographic name entry element TEORIA DE LAS ESTRUCTURAS
942 ## - ADDED ENTRY ELEMENTS (KOHA)
Koha item type Libros
Existencias
Fecha de la última vez que lo usaron Pago total Signatura topográfica completa Código de barras Precio efectivo desde Tipo de documento Estado perdido Estado dañado No es para préstamo Retirado Ubicación permanente Ubicación actual Fecha de adquisición
15/05/2020   624.015.2/Ch53 Bib-Lima15050986 15/05/2020 Libros         Biblioteca Central Lima Biblioteca Central Lima 15/05/2020